Structures of homologous composite transposons carrying cbaABC genes from Europe and North America /
Đã lưu trong:
| 其他作者: | , , , |
|---|---|
| 格式: | Bài viết |
| 语言: | English |
| 主题: | |
| 标签: |
添加标签
没有标签, 成为第一个标记此记录!
|
| Thư viện lưu trữ: | Thư viện Trường Đại học Đà Lạt |
|---|
| LEADER | 00985nam a2200325 4500 | ||
|---|---|---|---|
| 001 | DLU090091441 | ||
| 005 | ##20091201 | ||
| 040 | # | # | |a DLU |b eng |
| 041 | # | # | |a eng |
| 044 | # | # | |a us |
| 245 | # | # | |a Structures of homologous composite transposons carrying cbaABC genes from Europe and North America / |c Diana Di Gioi ... [et al.]. |
| 653 | # | # | |a Alcaligenes |
| 653 | # | # | |a Homology |
| 653 | # | # | |a Nucleotide sequence |
| 653 | # | # | |a Transposable element |
| 653 | # | # | |a Transposon |
| 700 | # | # | |a Campbell Wyndham, R. |
| 700 | # | # | |a Fava, Fabio. |
| 700 | # | # | |a Gioia, Diana Di |
| 700 | # | # | |a Peel, Michelle. |
| 773 | # | # | |t Applied and Environmental Microbiology |g Vol. 64, no. 5 (May 1998), p. 1940-1946 |
| 920 | # | # | |a Phòng Tạp chí -- Trung tâm Thông tin - Thư viện Trường Đại học Đà Lạt |
| 994 | # | # | |a DLU |
| 900 | # | # | |a True |
| 911 | # | # | |a Trương Bảo Trâm Anh |
| 925 | # | # | |a G |
| 926 | # | # | |a A |
| 927 | # | # | |a BB |
| 980 | # | # | |a Thư viện Trường Đại học Đà Lạt |